| 000 | 00674nam a2200229 a 4500 | ||
|---|---|---|---|
| 999 |
_c3543 _d3543 |
||
| 001 | 3543 | ||
| 003 | BD-JhCC | ||
| 005 | 20171115172527.0 | ||
| 008 | 171002s2008 bg |||| ||a| 000 0 ben d | ||
| 020 | _a9847000601209 | ||
| 035 | _a(BD-JhCC)3543 | ||
| 040 |
_aBD-JhCC _dBD-JhCC |
||
| 041 | _aben | ||
| 082 |
_a891.4415 _bBAD 2008 |
||
| 100 | _aবাদল, সালাউদ্দিন | ||
| 245 |
_aআমরা জেগে আছি / _cসালাউদ্দিন বাদল |
||
| 260 |
_aঢাকা: _bআগামী প্রকাশনী, _c২০০৮ |
||
| 300 |
_a40 p.; _c22 cm |
||
| 650 | _aBengali poetry | ||
| 942 |
_2ddc _cBK |
||